Seattle Seahawks 2024-2025 NFL Roster - Statistics

General Stats
  • This quiz has been taken 289 times
  • The average score is 22 of 77
Answer Stats
Hint Answer % Correct
QB Geno Smith
99%
RB Kenneth Walker lll
94%
WR DK Metcalf
92%
WR Tyler Lockett
88%
TE Noah Fant
85%
WR Jaxon Smith-Njigba
83%
RT George Fant
78%
QB Sam Howell
78%
RB Zach Charbonnet
78%
CB Devon Witherspoon
66%
CB Riq Woolen
61%
LT Charles Cross
54%
FS Julian Love
52%
K Jason Myers
50%
KO Jason Myers
50%
LDE Leonard Williams
50%
TE Pharaoh Brown
49%
WR Bobo Jake
46%
CB Tre Brown
46%
RB Kenny McIntosh
42%
P Michael Dickson
40%
H Michael Dickson
40%
LOLB Boye Mafe
37%
RT Abraham Lucas
34%
FS Coby Bryant
32%
RDE Dre'Mont Jones
31%
WR Laviska Shenault Jr.
30%
KR Laviska Shenault Jr.
30%
ROLB Uchenna Nwosu
28%
DT Jarran Reed
27%
WR Dee Eskridge
23%
KR Dee Eskridge
23%
FA Jamal Adams
23%
RILB Jerome Baker
23%
RDE Myles Adams
22%
SS Rayshawn Jenkins
22%
LILB Tyrel Dodson
22%
RG Anthony Bradford
21%
ROLB Derick Hall
21%
DT Cameron Young
20%
WR Dareke Young
20%
CB Michael Jackson
19%
FA Phil Haynes
19%
LG Laken Tomlinson
18%
FA Quandre Diggs
17%
LT Stone Forsythe
17%
TE Brady Russell
16%
WR Cody White
14%
C Olu Oluwatimi
12%
LOLB Darrell Taylor
11%
CB Artie Burns
9%
SS K'Von Wallace
9%
C Nick Harris
9%
LS Chris Stoll
8%
DT Jonathan Hankins
8%
LDE Mike Morris
8%
LILB Drake Thomas
7%
TE Tyler Mabry
7%
WR Easop Winston Jr.
6%
PR Easop Winston Jr.
6%
FA Jason Peters
6%
RILB Jon Rhattigan
4%
SS Ty Okada
4%
LOLB Levi Bell
3%
LG McClendon Curtis
3%
FA Nick Bellore
3%
LT Raiqwon O'Neal
3%
FA Byran Mone
2%
FS Jerrick Reed ll
2%
RILB Patrick O'Connell
2%
CB Jonathan Sutherland
1%
ROLB Joshua Onujiogu
1%
CB Lance Boykin
1%
DT Matt Gotel
1%
RT Max Pircher
1%
RG Tremayne Anchrum Jr.
1%
CB Andrew Whitaker
0%
No matching quizzes found
Score Distribution
Percent of People with Each Score
Percentile by Number Answered
Your Score History
You have not taken this quiz